[Event "Tourn. n9795"]
[Site "www.chess-mail.com"]
[Date "2018.08.08"]
[Round "1"]
[White "Rons"]
[Black "Conde7"]
[WhiteElo "2660"]
[BlackElo "2820"]
[Result "0-1"]
[Round "1"]
1.e4 c5
2.Ng1f3 d6
3.d4 cxd4
4.Nf3xd4 Ng8f6
5.Nb1c3 a6
6.Bf1e2 e5
7.Nd4f3 Bf8e7
8.Bc1g5 Nb8d7
9.a4 Qd8b6
10.Ra1a2 Qb6c6
11.Ra2a3 Qc6c7
12.O-O h6
13.Bg5e3 O-O
14.Nc3d5 Nf6xd5
15.exd5 b6
16.Nf3d2 f5
17.f4 Be7f6
18.fxe5 Nd7xe5
19.Ra3c3 Qc7d8
20.Nd2b3 b5
21.axb5 axb5
22.Be2xb5 f4
23.Rf1xf4 Ne5g6
24.Rf4xf6 Qd8xf6
25.Be3d4 Qf6f4
26.Rc3g3 Bc8f5
27.Bd4e3 Qf4e5
28.Be3d4 Bf5xc2
29.Bd4xe5 Bc2xd1
30.Be5xd6 Rf8f6
31.Bd6a3 Ra8b8
32.Bb5c4 Ng6e5
33.Nb3a5 Ne5xc4
34.Na5xc4 Bd1e2
35.Nc4d2 Rf6f5
36.d6 Rf5d5
37.Nd2e4 Rd5d1
38.Kf2 Be2b5
39.Ne4c3 Rb8f8
40.Rg3f3 Rd1f1
41.Ke3 Rf1xf3
42.gxf3 Bb5c6
43.Nc3e4 Rf8f5
44.h4 Rf5h5
45.Ne4g3 Rh5e5
46.Kf4 Re5d5
47.Ng3e4 Kf7
48.Kg4 Ke6
49.Ba3b4 h5
50.Kg3 Kf5
51.Ne4g5 g6
52.Bb4a3 Rd5d2
53.Ba3b4 Rd2d3
54.Kg2 Rd3d4
55.Bb4c3 Rd4xh4
56.Ng5f7 Rh4a4
57.Nf7e5 Bc6b5
58.d7 Ra4a8
59.f4 Ke6
60.Kf3 Bb5xd7
61.Ne5xg6 Bd7c6
62.Ke3 Ra8e8
63.Ng6h4 Kd5
64.Bc3e5 Bc6d7
65.Nh4g6 Bd7g4
66.Ng6h4 Re8a8
67.Nh4g2 Ra8a1
68.Kf2 Ke4
69.Be5c3 Ra1h1
70.Bc3f6 Rh1h2
71.Kg1 Rh2h3
72.Bf6g5 Kf3
73.Bg5h4 Bg4f5
74.Bh4e1 Bf5e4
75.Be1f2 Kg4
76.Bf2e1 Be4xg2
77.Kxg2 Rh3b3
78.Be1c3 Kxf4
79.Kh3 Kg5
80.Kg3 Rb3b6
81.Bc3d2 Kf5
82.Bd2c1 Rb6b3
{ resign }
0-1

[Event "Tourn. n9890"]
[Site "www.echecsemail.com"]
[Date "2018.08.08"]
[Round "1"]
[White "Ditto"]
[Black "Luban"]
[WhiteElo "1860"]
[BlackElo "2040"]
[Result "1-0"]
[Round "1"]
1.d4 d5
2.Ng1f3 e6
3.Bc1f4 c5
4.c4 Nb8c6
5.e3 h6
6.cxd5 exd5
7.Bf1b5 Bc8d7
8.O-O Ng8f6
9.Nb1c3 a6
10.Bb5a4 b5
11.Ba4c2 Bf8e7
12.dxc5 Be7xc5
13.a3 O-O
14.Nc3xd5 Nf6xd5
15.Qd1xd5 Bc5b6
16.Qd5e4 Rf8e8
17.Qe4h7 { resign }
1-0

[Event "Tourn. n9908"]
[Site "www.echecsemail.com"]
[Date "2018.08.08"]
[Round "1"]
[White "Apdash"]
[Black "Bojan"]
[WhiteElo "2070"]
[BlackElo "2000"]
[Result "1-0"]
[Round "1"]
1.e4 e5
2.Ng1f3 d6
3.Bf1c4 h6
4.d4 exd4
5.Nf3xd4 Bf8e7
6.O-O Bc8d7
7.Nb1c3 Nb8c6
8.Qd1f3 Nc6e5
9.Qf3e2 Be7f6
10.Bc4b3 Ng8e7
11.Bc1f4 a6
12.Nc3d5 Ne7g6
13.Bf4xe5 Bf6xe5
14.c3 c6
15.Nd5e3 c5
16.Nd4f5 Ng6f4
17.Qe2d2 Qd8g5
18.Nf5xd6 Be5xd6
19.Qd2xd6 Ra8d8
20.Ra1d1 Bd7e6
21.Qd6xd8 Qg5xd8
22.Rd1xd8 Kxd8
23.Bb3xe6 Nf4xe6
24.Ne3f5 Kc7
25.Rf1d1 g6
26.Nf5e7 Rh8e8
27.Ne7d5 Kc6
28.f3 b5
29.b4 Ne6c7
30.Nd5xc7 Kxc7
31.bxc5 Kc6
32.Rd1d5 Re8e7
33.Kf2 Re7e6
34.Ke3 f5
35.Kd4 fxe4
36.fxe4 a5
37.e5 Re6e7
38.Rd5d6 Kc7
39.Rd6xg6 Re7d7
40.Ke4 Rd7d2
41.e6 Rd2xa2
42.Rg6xh6 Ra2xg2
43.Kd3 Rg2g7
44.h4 a4
45.Kc2 Kc6
46.Rh6h5 Rg7e7
47.Rh5e5 Kc7
48.h5 Kd8
49.Kb2 Kc7
50.h6 Kd8
51.c6 Kc7
52.h7 { resign }
1-0

[Event "Tourn. n9853"]
[Site "www.echecsemail.com"]
[Date "2018.08.08"]
[Round "1"]
[White "Tartan"]
[Black "Szustan"]
[WhiteElo "2510"]
[BlackElo "2610"]
[Result "1/2-1/2"]
[Round "1"]
1.d4 d5
2.Ng1f3 Ng8f6
3.e3 e6
4.Bf1d3 c5
5.c3 Bf8d6
6.Nb1d2 Nb8c6
7.O-O O-O
8.dxc5 Bd6xc5
9.e4 b6
10.exd5 Qd8xd5
11.Nd2b3 Bc5e7
12.Qd1c2 Qd5d6
13.Bc1g5 h6
14.Bg5h4 Qd6c7
15.Ra1d1 Bc8b7
16.Bh4g3 Qc7c8
17.h3 Rf8d8
18.Qc2e2 Rd8xd3
19.Rd1xd3 Bb7a6
20.Rf1d1 Ba6xd3
21.Rd1xd3 Qc8b7
22.Nb3d2 Ra8d8
23.Nd2e4 Nf6xe4
24.Qe2xe4 Rd8xd3
25.Qe4xd3 a6
26.Nf3e5 { draw }
1/2-1/2

[Event "Match"]
[Site "www.echecsemail.com"]
[Date "2018.08.08"]
[Round "1"]
[White "Apdash"]
[Black "Estonia"]
[WhiteElo "2040"]
[BlackElo "2020"]
[Result "1-0"]
[Round "1"]
1.e4 e5
2.Ng1f3 Ng8f6
3.Bf1c4 d5
4.exd5 e4
5.Nf3g1 Nf6xd5
6.d4 Bc8e6
7.Ng1e2 Nb8d7
8.Bc4b3 Bf8e7
9.c4 Nd5f6
10.Qd1c2 O-O
11.Nb1c3 Be7b4
12.O-O c5
13.d5 Be6g4
14.Bc1g5 Bg4xe2
15.Nc3xe2 h6
16.Bg5h4 g5
17.Bh4g3 Bb4a5
18.f4 Nf6h5
19.Qc2xe4 Nh5xg3
20.Ne2xg3 f5
21.Qe4e6 Kh7
22.fxg5 hxg5
23.Ng3xf5 Rf8f6
24.Qe6e4 Qd8e8
25.Nf5e7 Kg7
26.Bb3c2 Qe8h5
27.Rf1xf6 Nd7xf6
28.Ne7f5 Kh8
29.Qe4e7 Qh5g6
30.Nf5d4 cxd4
31.Bc2xg6 { resign }
1-0

[Event "Tourn. n9846"]
[Site "www.echecsemail.com"]
[Date "2018.08.08"]
[Round "1"]
[White "Odin"]
[Black "Libiesse"]
[WhiteElo "1820"]
[BlackElo "1950"]
[Result "1-0"]
[Round "1"]
1.e4 c5
2.Ng1f3 e6
3.e5 Nb8c6
4.c3 Qd8c7
5.d4 cxd4
6.cxd4 Qc7b6
7.Bf1e2 Ng8e7
8.O-O Ne7d5
9.Nb1c3 d6
10.Nc3a4 Qb6c7
11.b3 Bc8d7
12.Bc1a3 a6
13.Ra1c1 Bf8e7
14.exd6 Be7xd6
15.Na4c5 O-O
16.Nf3e5 Bd7e8
17.Be2g4 Bd6xe5
18.dxe5 Be8d7
19.Nc5xd7 Qc7xd7
20.Ba3xf8 Kxf8
21.Rf1e1 Ra8d8
22.Qd1c2 g6
23.Bg4h3 Qd7e7
24.Qc2b2 Nc6b4
25.Re1d1  { time }
1-0

[Event "Tourn. n9853"]
[Site "www.echecsemail.com"]
[Date "2018.08.08"]
[Round "1"]
[White "Coolant"]
[Black "Cathar"]
[WhiteElo "2390"]
[BlackElo "2259"]
[Result "1/2-1/2"]
[Round "1"]
1.f4 d5
2.Ng1f3 Bc8g4
3.e3 Nb8d7
4.h3 Bg4xf3
5.Qd1xf3 c6
6.d4 Ng8f6
7.Bf1d3 e6
8.O-O Bf8e7
9.c4 O-O
10.Nb1c3 a6
11.g4 b5
12.c5 a5
13.g5 Nf6e8
14.Bc1d2 f5
15.gxf6 Be7xf6
16.Qf3g4 Ne8c7
17.Nc3e2 Qd8e7
18.Ra1c1 Kh8
19.Kh2 g6
20.Ne2g1 Bf6g7
21.Ng1f3 Nd7f6
22.Qg4g5 Nf6g8
23.Qg5g2 Ng8h6
24.Nf3e5 Qe7e8
25.Bd2e1 Nh6f5
26.Bd3xf5 exf5
27.Rc1c2 Nc7e6
28.Be1h4 Ra8a7
29.Qg2f3 Ra7c7
30.Rf1g1 Bg7f6
31.Bh4xf6 Rf8xf6
32.Rc2g2 Rc7g7
33.h4 Ne6f8
34.h5 Kg8
35.Rg2g5 Qe8e6
36.Qf3g3 Qe6e8
37.Qg3h4 Rf6e6
38.Qh4h3 Re6f6
39.Qh3h4 Rf6e6
40.Kg2 Qe8e7
41.h6 Rg7f7
42.Kf3 Rf7f6
43.Qh4e1 Qe7c7
44.Rg5g2 Kh8
45.b4 a4
46.a3 Qc7e7
{ draw }
1/2-1/2

[Event "Match"]
[Site "www.echecsemail.com"]
[Date "2018.08.08"]
[Round "1"]
[White "Apdash"]
[Black "Fangshuo"]
[WhiteElo "2110"]
[BlackElo "2090"]
[Result "1-0"]
[Round "1"]
1.d4 c5
2.d5 e6
3.c4 b5
4.cxb5 Qd8a5
5.Nb1c3 Ng8f6
6.dxe6 fxe6
7.Bc1d2 Bf8e7
8.e4 Qa5d8
9.Ng1f3 O-O
10.Bf1c4 Bc8b7
11.Qd1e2 d5
12.exd5 exd5
13.Qe2e6 Kh8
14.Bc4b3 d4
15.O-O-O dxc3
16.Bd2xc3 Qd8e8
17.Nf3g5 h6
18.h4 Nf6e4
19.Qe6xh6 { resign }
1-0

[Event "Match"]
[Site "www.echecsemail.com"]
[Date "2018.08.08"]
[Round "1"]
[White "Juheset"]
[Black "Iko"]
[WhiteElo "1809"]
[BlackElo "1730"]
[Result "0-1"]
[Round "1"]
1.e4 e5
2.Ng1f3 Nb8c6
3.Bf1c4 Bf8d6
4.d4 Ng8f6
5.dxe5 Nc6xe5
6.Nf3xe5 Bd6xe5
7.O-O O-O
8.f4 Be5xb2
9.Bc1xb2 Nf6xe4
10.Bc4d5 Ne4f6
11.Qd1f3 c6
12.Bd5b3 a5
13.a4 b5
14.axb5 cxb5
15.Qf3xa8 Qd8e7
16.Qa8xa5 Qe7c5
17.Kh1 Nf6e4
18.Qa5e1 Rf8e8
19.Bb2e5 g5
20.Qe1xe4 d6
21.Bb3xf7 Kxf7
22.fxg5 Kg8
23.Be5xd6 Re8xe4
24.Bd6xc5 Re4e5
25.Rf1f8 Kg7
26.Bc5d4 Kxf8
27.Bd4xe5 Kf7
28.Ra1a7 Kg6
29.Ra7g7 Kf5
30.Be5g3 h5
31.h4 Kg4
32.Kh2 Kf5
33.Nb1c3 b4
34.Nc3d5 Bc8b7
35.Rg7f7 { time. }
0-1

[Event "Match"]
[Site "www.echecsemail.com"]
[Date "2018.08.08"]
[Round "1"]
[White "J1j6"]
[Black "Calponas"]
[WhiteElo "1920"]
[BlackElo "2110"]
[Result "0-1"]
[Round "1"]
1.e4 c5
2.Bf1c4 Nb8c6
3.Ng1f3 d6
4.d4 cxd4
5.Nf3xd4 Ng8f6
6.Nd4xc6 bxc6
7.Qd1f3 Bc8g4
8.Qf3b3 e6
9.f3 Bg4h5
10.Bc1f4 Ra8b8
11.Qb3a4 Qd8c7
12.O-O Bf8e7
13.b4 O-O
14.c3 a5
15.bxa5 Rb8a8
16.a6 Rf8b8
17.Nb1d2 e5
18.Bf4e3 Nf6d7
19.a7 Rb8b2
20.Bc4b3 Nd7c5
21.Qa4a3 Nc5d3
22.Rf1d1 d5
23.exd5 Be7xa3
{ resign }
0-1

[Event "Tourn. n9875"]
[Site "www.echecsemail.com"]
[Date "2018.08.08"]
[Round "1"]
[White "Apdash"]
[Black "Odin"]
[WhiteElo "1810"]
[BlackElo "1910"]
[Result "1-0"]
[Round "1"]
1.e4 e5
2.Ng1f3 Ng8f6
3.Bf1c4 d5
4.exd5 Nf6xd5
5.O-O e4
6.Rf1e1 Bf8e7
7.Re1xe4 O-O
8.Bc4xd5 Bc8f5
9.Re4e5 Bf5g4
10.Bd5xb7 Be7d6
11.Re5e1 Nb8d7
12.Bb7xa8 Qd8xa8
13.Re1e3 Bd6c5
14.Re3c3 Bc5b6
15.h3 Bg4xf3
16.Qd1xf3 Qa8b8
17.Nb1a3 Rf8e8
18.Kf1 Re8e6
19.Qf3g4 Nd7f6
20.Qg4f5 c6
21.d3 Qb8h2
22.Qf5xe6 Qh2h1
23.Ke2 h6
24.Qe6c8 Kh7
25.Qc8xc6 Qh1h2
26.Na3c4 Bb6d4
27.Rc3b3 a5
28.Bc1e3 Bd4xe3
29.Nc4xe3 Qh2e5
30.Rb3b5 Qe5d4
31.Ra1e1 a4
32.c3 Qd4d8
33.Ne3d5 Nf6xd5
34.Qc6xd5 Qd8e8
35.Qd5e4 { resign }
1-0

[Event "Match"]
[Site "www.echecsemail.com"]
[Date "2018.08.08"]
[Round "1"]
[White "Krystek23"]
[Black "Cathar"]
[WhiteElo "2510"]
[BlackElo "2169"]
[Result "1-0"]
[Round "1"]
1.c4 f5
2.Nb1c3 Ng8f6
3.g3 g6
4.Bf1g2 Bf8g7
5.d4 O-O
6.Ng1f3 d6
7.d5 c6
8.O-O e5
9.e4 cxd5
10.cxd5 Nb8a6
11.exf5 gxf5
12.Bc1e3 b6
13.Ra1c1 Na6c5
14.b4 Nc5e4
15.Nc3b5 Rf8f7
16.Rc1c6 Bc8b7
17.Nf3g5 Ne4xg5
18.Be3xg5 Rf7d7
19.Bg2h3 a6
20.Rc6c1 axb5
21.Bh3xf5 Rd7c7
22.Qd1d3 h6
23.Rc1xc7 Qd8xc7
24.Rf1c1 Qc7e7
25.Bg5e3 Nf6xd5
26.Be3d2 Nd5f6
27.Qd3xb5 Ra8xa2
28.Qb5c4 Bb7d5
29.Qc4c8 Qe7f8
30.Bd2e3 b5
31.Bf5e6 Bd5xe6
32.Qc8xe6 Qf8f7
33.Rc1c8 Bg7f8
34.Qe6xd6 Ra2a1
35.Kg2 Qf7d5
36.Qd6xd5 Nf6xd5
37.Be3c5 Kf7
38.Rc8xf8 Ke6
39.Rf8h8 Ra1b1
40.Rh8xh6 Kf5
41.Rh6d6 Nd5xb4
42.f3 Nb4c2
43.g4 Kg5
44.Kg3 b4
45.h4 { resign }
1-0

[Event "Match"]
[Site "www.echecsemail.com"]
[Date "2018.08.08"]
[Round "1"]
[White "Cathar"]
[Black "Virgil08bv"]
[WhiteElo "2169"]
[BlackElo "2460"]
[Result "0-1"]
[Round "1"]
1.c4 e5
2.g3 c6
3.d4 e4
4.Nb1c3 d5
5.Bf1g2 Ng8f6
6.cxd5 cxd5
7.Bc1g5 Bf8b4
8.Ra1c1 Nb8d7
9.Ng1h3 h6
10.Bg5xf6 Bb4xc3
11.Rc1xc3 Nd7xf6
12.O-O O-O
13.f3 Rf8e8
14.Nh3f2 Bc8d7
15.fxe4 dxe4
16.e3 b6
17.Rf1e1 Bd7f5
18.Qd1c2 Nf6d5
19.Rc3c4 Qd8e7
20.a3 Ra8d8
21.Nf2d1 Rd8c8
22.Bg2f1 Qe7g5
23.Qc2b3 Rc8d8
24.Rc4c2 Bf5g4
25.Bf1e2 Bg4xe2
26.Re1xe2 h5
27.Re2g2 Re8e6
28.Qb3b5 Re6f6
29.Qb5e2 Rf6f3
30.Rc2c6 Nd5xe3
31.Nd1xe3 Rf3xe3
32.Qe2d2 Qg5g4
33.Qd2xe3 Qg4d1
34.Kf2 Rd8xd4
35.g4 Rd4d2
36.Kg3 Qd1xg4
{ resign }
0-1

[Event "1/32 Finale"]
[Site "www.chess-mail.com"]
[Date "2018.08.08"]
[Round "1"]
[White "Vgrynyuk"]
[Black "Hennie4820"]
[WhiteElo "2820"]
[BlackElo "2020"]
[Result "1-0"]
[Round "1"]
1.e4 c5
2.Ng1f3 e6
3.d4 cxd4
4.Nf3xd4 Ng8f6
5.Nb1c3 Qd8b6
6.e5 Bf8c5
7.Nd4b5 Nf6d5
8.Nc3e4 Nb8c6
9.c4 Bc5b4
10.Bc1d2 Bb4xd2
11.Qd1xd2 Nd5e7
12.c5 Qb6a5
13.Qd2xa5 Nc6xa5
14.Nb5c7 { resign }
1-0

[Event "Fast Game"]
[Site "www.echecsemail.com"]
[Date "2018.08.08"]
[Round "1"]
[White "Madz123456"]
[Black "Alessiov"]
[WhiteElo "1799"]
[BlackElo "1599"]
[Result "1/2-1/2"]
[Round "1"]
1.e4 e5
2.Ng1f3 Nb8c6
3.d4 exd4
4.Nf3xd4 Ng8f6
5.Nd4xc6 bxc6
6.e5 Qd8e7
7.Qd1e2 Nf6d5
8.c4 Bc8a6
9.b3 g6
10.f4 d6
11.Qe2f2 Nd5f6
12.Bc1a3 Qe7e6
13.Bf1e2 dxe5
14.O-O Nf6e4
15.Qf2h4 Bf8xa3
16.Nb1xa3 O-O
17.f5 gxf5
18.Be2d3 Ne4d6
19.Na3c2 e4
{ draw }
1/2-1/2

[Event "Tourn. n9885"]
[Site "www.echecsemail.com"]
[Date "2018.08.09"]
[Round "1"]
[White "Louis"]
[Black "Fantomas"]
[WhiteElo "2050"]
[BlackElo "2110"]
[Result "1/2-1/2"]
[Round "1"]
1.b4 e6
2.Bc1b2 Ng8f6
3.b5 a6
4.a4 axb5
5.axb5 Ra8xa1
6.Bb2xa1 d5
7.e3 Bf8e7
8.Ng1f3 O-O
9.c4 c6
10.bxc6 bxc6
11.Bf1e2 Nf6e4
12.O-O Qd8a5
13.Ba1b2 Bc8a6
14.d3 Ne4d6
15.Nb1d2 f6
16.Nf3d4 Ba6c8
17.Nd4b3 Qa5c7
18.cxd5 cxd5
19.h3 Bc8a6
20.Qd1a1 Rf8c8
21.Rf1c1 Qc7b6
22.Be2g4 Rc8xc1
23.Qa1xc1 Kf7
24.Nb3d4 f5
25.Bg4e2 Nd6b5
26.Nd4xb5 Qb6xb5
27.Qc1c3 Be7f6
28.Be2h5 Kf8
29.Qc3a3 Kg8
30.Bb2xf6 gxf6
31.Qa3e7 Qb5d7
32.Qe7xf6 Ba6xd3
33.Qf6g5 Kf8
34.Nd2f3 Nb8c6
35.Qg5f6 Kg8
36.Nf3g5 Nc6d8
37.Ng5f3 Nd8c6
38.Nf3g5 Nc6d8
39.Ng5f3 Nd8c6
40.Nf3g5 Nc6d8
{ draw }
1/2-1/2

[Event "Tourn. n9910"]
[Site "www.echecsemail.com"]
[Date "2018.08.09"]
[Round "1"]
[White "Andychesston"]
[Black "0m1d9421"]
[WhiteElo "2030"]
[BlackElo "1809"]
[Result "1-0"]
[Round "1"]
1.e4 e5
2.Ng1f3 Nb8c6
3.d4 Ng8f6
4.Nb1c3 exd4
5.Nf3xd4 Nc6e5
6.Bc1f4 d6
7.Bf1e2 g6
8.Qd1d2 { resign }
1-0

[Event "Match"]
[Site "www.echecsemail.com"]
[Date "2018.08.09"]
[Round "1"]
[White "Ff333"]
[Black "Gidgud"]
[WhiteElo "2180"]
[BlackElo "2289"]
[Result "1/2-1/2"]
[Round "1"]
1.e4 e6
2.d4 d5
3.e5 c5
4.c3 Nb8c6
5.Bc1e3 cxd4
6.cxd4 Bf8b4
7.Nb1c3 Qd8a5
8.Qd1d3 Bc8d7
9.Be3d2 Ng8e7
10.a3 Ne7f5
11.Ng1f3 Bb4xc3
12.Bd2xc3 Qa5d8
13.Bf1e2 O-O
14.g4 Nf5h4
15.O-O-O Nh4xf3
16.Qd3xf3 Ra8c8
17.Kb1 Nc6a5
18.Bc3b4 Bd7a4
19.Rd1c1 Na5b3
20.Rc1xc8 Qd8xc8
21.Qf3e3 Rf8e8
22.Be2d1 Qc8c4
{ draw }
1/2-1/2

[Event "Match"]
[Site "www.echecsemail.com"]
[Date "2018.08.09"]
[Round "1"]
[White "Ericleo1980"]
[Black "Witpar"]
[WhiteElo "2160"]
[BlackElo "2680"]
[Result "0-1"]
[Round "1"]
1.e4 c5
2.Ng1f3 e6
3.d4 cxd4
4.Nf3xd4 a6
5.Nb1c3 Qd8c7
6.a3 Ng8f6
7.Bc1e3 b5
8.g3 Nb8c6
9.Nd4xc6 dxc6
10.Bf1g2 e5
11.h3 Bf8e7
12.O-O a5
13.Qd1f3 O-O
14.Rf1d1 h6
15.Rd1d2 { time. }
0-1

[Event "Tourn. n9897"]
[Site "www.echecsemail.com"]
[Date "2018.08.09"]
[Round "1"]
[White "Bigrezi"]
[Black "Foxy100"]
[WhiteElo "2300"]
[BlackElo "2210"]
[Result "0-1"]
[Round "1"]
1.e4 e5
2.Ng1f3 Nb8c6
3.Bf1b5 Ng8f6
4.O-O Bf8c5
5.Nb1c3 d6
6.d4 Bc5xd4
7.Nf3xd4 exd4
8.Qd1xd4 O-O
9.Bb5xc6 bxc6
10.Bc1g5 c5
11.Qd4a4 h6
12.Bg5h4 g5
13.Bh4g3 Ra8b8
14.e5 Nf6h5
15.b3 Nh5xg3
16.hxg3 a6
17.Ra1d1 Rb8b4
18.Qa4a3 Rb4d4
19.exd6 Qd8xd6
20.Nc3e4 Qd6g6
21.Ne4xc5 Rd4xd1
22.Rf1xd1 Qg6xc2
23.Rd1c1 Qc2e2
24.Nc5a4 Rf8e8
25.Qa3c5 Qe2xa2
26.Qc5c6 Re8e7
27.Qc6xh6 Qa2d2
28.Rc1c5 Qd2e1
29.Kh2 f6
30.Qh6xf6 Re7h7
{ resign }
0-1

[Event "Match"]
[Site "www.echecsemail.com"]
[Date "2018.08.09"]
[Round "1"]
[White "0m1d9421"]
[Black "Alekpax"]
[WhiteElo "1809"]
[BlackElo "2460"]
[Result "0-1"]
[Round "1"]
1.e4 e5
2.Ng1f3 Nb8c6
3.Nb1c3 Ng8f6
4.Bf1c4 Nf6xe4
5.Nc3xe4 d5
6.Bc4xd5 Qd8xd5
7.d3 Bc8f5
8.Qd1e2 O-O-O
9.Ne4c3 Bf8b4
{ resign }
0-1

[Event "Tourn. n9913"]
[Site "www.echecsemail.com"]
[Date "2018.08.09"]
[Round "1"]
[White "Cal"]
[Black "0m1d9421"]
[WhiteElo "1690"]
[BlackElo "1809"]
[Result "1-0"]
[Round "1"]
1.c4 f5
2.d4 Ng8f6
3.Nb1c3 d6
4.Ng1f3 g6
5.e3 Bf8g7
6.Bf1d3 b6
7.h3 Bc8b7
8.O-O { resign }
1-0

[Event "Match"]
[Site "www.echecsemail.com"]
[Date "2018.08.09"]
[Round "1"]
[White "Gimmyg"]
[Black "0m1d9421"]
[WhiteElo "2540"]
[BlackElo "1809"]
[Result "1-0"]
[Round "1"]
1.Nb1c3 e6
2.e4 Ng8h6
3.d4 f6
4.Bc1xh6 gxh6
5.Qd1h5 Ke7
6.Ng1f3 Rh8g8
7.O-O-O b6
8.Nc3d5 exd5
9.Qh5xd5 { resign }
1-0

[Event "Match"]
[Site "www.echecsemail.com"]
[Date "2018.08.09"]
[Round "1"]
[White "Alessiov"]
[Black "0m1d9421"]
[WhiteElo "2260"]
[BlackElo "1809"]
[Result "1-0"]
[Round "1"]
1.e4 e5
2.Ng1f3 Nb8c6
3.Bf1b5 a6
4.Bb5a4 Ng8f6
5.O-O d6
6.c3 b5
7.Ba4c2 Bc8g4
8.h3 Bg4h5
9.Rf1e1 { resign }
1-0

[Event "Match"]
[Site "www.echecsemail.com"]
[Date "2018.08.09"]
[Round "1"]
[White "0m1d9421"]
[Black "Goofy"]
[WhiteElo "1809"]
[BlackElo "2350"]
[Result "0-1"]
[Round "1"]
1.e4 d6
2.Ng1f3 c6
3.Nb1c3 Nb8d7
4.d4 e5
5.Bc1e3 Ng8f6
6.d5 Bf8e7
7.Bf1d3 h6
8.Qd1d2 Nf6g4
9.h3 Ng4xe3
10.Qd2xe3 Nd7f6
11.g4 Nf6h7
{ resign }
0-1

[Event "Match"]
[Site "www.echecsemail.com"]
[Date "2018.08.09"]
[Round "1"]
[White "0m1d9421"]
[Black "Krystek23"]
[WhiteElo "1809"]
[BlackElo "2510"]
[Result "0-1"]
[Round "1"]
1.e4 c5
2.Ng1f3 e6
3.c4 Nb8c6
4.d3 Qd8c7
5.Bc1e3 d6
6.Nb1c3 Ng8f6
7.Bf1e2 Nf6g4
8.Qd1d2 Bf8e7
9.h3 Ng4xe3
10.Qd2xe3 Be7f6
11.g4 h6
{ resign }
0-1

[Event "Tourn. n9889"]
[Site "www.echecsemail.com"]
[Date "2018.08.09"]
[Round "1"]
[White "Fantomas"]
[Black "Hundegana"]
[WhiteElo "2110"]
[BlackElo "2100"]
[Result "1/2-1/2"]
[Round "1"]
1.e4 c5
2.Nb1c3 e6
3.Ng1f3 Nb8c6
4.d4 cxd4
5.Nf3xd4 Nc6xd4
6.Qd1xd4 a6
7.Bc1e3 Ng8f6
8.Nc3a4 b5
9.Na4b6 Ra8b8
10.Nb6xc8 Qd8xc8
11.c3 Bf8e7
12.Bf1e2 O-O
13.O-O d6
14.f3 d5
15.e5 Nf6e8
16.Kh1 f6
17.exf6 Be7xf6
18.Qd4g4 e5
19.Qg4xc8 Rb8xc8
20.Be2d3 Ne8d6
21.Ra1d1 d4
22.cxd4 exd4
23.Be3g1 Nd6c4
24.Bd3f5 Rc8d8
25.Bf5e6 Kh8
26.Rf1f2 Rf8e8
27.Be6xc4 bxc4
28.Rf2d2 d3
29.g3 Rd8c8
30.Bg1f2 Re8e2
31.Kg1 Bf6xb2
32.Rd2xe2 dxe2
33.Rd1d2 c3
34.Rd2c2 Rc8e8
35.Bf2e1 h6
36.Kf2 Kh7
37.h4 a5
38.a4 g5
39.hxg5 hxg5
40.Rc2xc3 Bb2xc3
41.Be1xc3 Kg6
42.Bc3xa5 Kf5
43.Ba5d2 g4
44.fxg4 Kxg4
45.a5 { draw }
1/2-1/2

[Event "Match"]
[Site "www.echecsemail.com"]
[Date "2018.08.09"]
[Round "1"]
[White "0m1d9421"]
[Black "Biggles"]
[WhiteElo "1809"]
[BlackElo "2100"]
[Result "0-1"]
[Round "1"]
1.e4 e5
2.Ng1f3 Nb8c6
3.Nb1c3 Bf8c5
4.Bf1c4 Ng8f6
5.O-O O-O
6.Rf1e1 d6
7.d3 h6
8.Bc1e3 Nc6d4
9.Nc3d5 Bc8g4
10.c3 Bg4xf3
11.gxf3 Nd4e6
12.Qd1d2 Nf6h5
13.Kh1 Bc5xe3
14.Qd2xe3 Ne6f4
15.Nd5xf4 Nh5xf4
16.Re1g1 h5
17.Rg1g3 h4
18.Rg3g4 h3
19.Ra1g1 Qd8f6
20.d4 b5
21.Bc4b3 Rf8d8
22.Rg4xg7 Qf6xg7
{ resign }
0-1

[Event "Match"]
[Site "www.echecsemail.com"]
[Date "2018.08.09"]
[Round "1"]
[White "Fangshuo"]
[Black "0m1d9421"]
[WhiteElo "2070"]
[BlackElo "1809"]
[Result "1-0"]
[Round "1"]
1.e4 e5
2.Ng1f3 Nb8c6
3.Bf1b5 a6
4.Bb5a4 Ng8f6
5.Nb1c3 Bf8c5
6.Nf3xe5 Qd8e7
7.Ne5xc6 bxc6
8.O-O Bc8b7
9.d4 Bc5b6
10.e5 Nf6g8
11.Nc3e4 O-O-O
12.Bc1g5 f6
13.Bg5h4 h6
14.f4 c5
15.d5 d6
16.e6 g5
17.Bh4g3 f5
18.Ne4c3 g4
19.Rf1e1 h5
20.Kh1 h4
21.Bg3f2 { resign }
1-0

[Event "Match"]
[Site "www.echecsemail.com"]
[Date "2018.08.09"]
[Round "1"]
[White "Hundegana"]
[Black "0m1d9421"]
[WhiteElo "2070"]
[BlackElo "1809"]
[Result "1-0"]
[Round "1"]
1.e4 e5
2.Nb1c3 Ng8f6
3.Bf1c4 Nf6xe4
4.Bc4xf7 Kxf7
5.Nc3xe4 Bf8e7
6.Qd1h5 g6
7.Qh5xe5 Be7f6
8.Qe5d5 Kg7
9.d3 c6
10.Qd5d6 Rh8e8
11.Ng1e2 Re8e6
12.Qd6a3 d5
13.Ne4xf6 Qd8xf6
14.Qa3c3 Re6e5
15.f3 { resign }
1-0

[Event "Match"]
[Site "www.echecsemail.com"]
[Date "2018.08.09"]
[Round "1"]
[White "0m1d9421"]
[Black "Pinehill"]
[WhiteElo "1809"]
[BlackElo "2070"]
[Result "0-1"]
[Round "1"]
1.e4 d5
2.d4 dxe4
3.Nb1c3 Ng8f6
4.Bc1g5 Nb8d7
5.Qd1e2 h6
6.Bg5f4 Nd7b6
7.O-O-O Bc8g4
8.f3 exf3
9.Ng1xf3 e6
10.h3 Bg4h5
11.g4 Bh5g6
{ resign }
0-1

[Event "Tourn. n9810"]
[Site "www.echecsemail.com"]
[Date "2018.08.09"]
[Round "1"]
[White "Falcoale"]
[Black "Welberth"]
[WhiteElo "1970"]
[BlackElo "2000"]
[Result "0-1"]
[Round "1"]
1.e4 Ng8f6
2.e5 Nf6d5
3.c4 Nd5b6
4.a4 d6
5.Ng1f3 Nb8c6
6.exd6 exd6
7.Bf1e2 Bf8e7
8.O-O O-O
9.b3 Be7f6
10.d4 Bc8g4
11.Bc1b2 Rf8e8
12.h3 Bg4h5
13.a5 Nb6d7
14.Bb2c3 Nc6e7
15.Qd1c2 d5
16.c5 Bh5xf3
17.Be2xf3 Nd7b8
18.Nb1d2 Nb8c6
19.Qc2b2 Ne7f5
20.b4 Nf5xd4
21.Rf1d1 Nd4e2
22.Bf3xe2 Bf6xc3
23.Qb2xc3 Re8xe2
24.b5 Nc6b8
25.Nd2f3 c6
26.Nf3d4 Re2e4
27.Nd4f5 Qd8g5
28.Nf5g3 Re4c4
29.Qc3b3 Nb8d7
30.bxc6 bxc6
31.Qb3b7 Qg5d8
32.Qb7xc6 Rc4xc5
33.Qc6a4 Nd7f6
34.a6 Rc5c4
35.Qa4b5 Ra8b8
36.Qb5xc4 dxc4
37.Rd1xd8 Rb8xd8
38.Ng3f5 c3
39.Nf5e7 Kf8
40.Ne7c6 Rd8d2
41.Ra1c1 c2
42.Kh2 Nf6d5
43.Nc6xa7 Nd5b4
44.Na7b5 Nb4xa6
45.Nb5a3 Na6b4
46.f3 Rd2d1
47.Rc1xc2 Nb4xc2
48.Na3xc2 Ke7
49.Nc2e3 Rd1d2
50.Kg3 Ke6
51.Kg4 Rd2e2
52.Ne3f5 Re2xg2
53.Kf4 g5
54.Ke4 Rg2e2
55.Kd3 Kxf5
56.Kxe2 Kf4
57.Kf2 f5
58.Kg2 Ke3
59.Kg3 h5
60.Kg2 h4
61.Kh2 Kxf3
{ resign }
0-1

[Event "Match"]
[Site "www.echecsemail.com"]
[Date "2018.08.09"]
[Round "1"]
[White "0m1d9421"]
[Black "Ditto"]
[WhiteElo "1809"]
[BlackElo "1880"]
[Result "0-1"]
[Round "1"]
1.e4 e5
2.Ng1f3 Nb8c6
3.Nb1c3 Bf8b4
4.Bf1c4 d6
5.a3 Bb4c5
6.d3 Bc8g4
7.h3 Bg4h5
8.g4 Bh5g6
9.Bc4d5 Ng8e7
{ resign }
0-1

[Event "Match"]
[Site "www.echecsemail.com"]
[Date "2018.08.09"]
[Round "1"]
[White "Dussek"]
[Black "0m1d9421"]
[WhiteElo "1830"]
[BlackElo "1809"]
[Result "1-0"]
[Round "1"]
1.e4 e5
2.Nb1c3 Ng8f6
3.Bf1c4 Nb8c6
4.d3 Bf8c5
5.f4 d6
6.f5 Nc6e7
7.Ng1f3 h6
8.Bc1d2 a6
9.Qd1e2 c6
10.O-O-O b5
11.Bc4b3 a5
12.a3 { resign }
1-0

[Event "Match"]
[Site "www.echecsemail.com"]
[Date "2018.08.09"]
[Round "1"]
[White "0m1d9421"]
[Black "Llord"]
[WhiteElo "1809"]
[BlackElo "1920"]
[Result "0-1"]
[Round "1"]
1.e4 e5
2.Ng1f3 Nb8c6
3.Nb1c3 Ng8f6
4.Bf1c4 Bf8c5
5.O-O Nc6d4
6.Nf3xe5 O-O
7.b3 d6
8.Ne5xf7 Rf8xf7
9.Bc4xf7 Kxf7
10.d3 Bc8g4
11.Qd1e1 Nd4xc2
12.Qe1d2 Nc2xa1
{ resign }
0-1

[Event "Match"]
[Site "www.echecsemail.com"]
[Date "2018.08.09"]
[Round "1"]
[White "Whitekknight"]
[Black "0m1d9421"]
[WhiteElo "1870"]
[BlackElo "1809"]
[Result "1-0"]
[Round "1"]
1.e4 e5
2.Ng1f3 Nb8c6
3.Bf1c4 d6
4.d3 Ng8f6
5.h3 Bf8e7
6.Nb1c3 a6
7.Bc1e3 h6
8.Nc3d5 Bc8e6
9.Nd5xf6 Be7xf6
10.Bc4xe6 fxe6
11.c3 { resign }
1-0

[Event "Match"]
[Site "www.echecsemail.com"]
[Date "2018.08.09"]
[Round "1"]
[White "Jovaras"]
[Black "Ff333"]
[WhiteElo "2260"]
[BlackElo "2180"]
[Result "1-0"]
[Round "1"]
1.e4 e5
2.Ng1f3 Nb8c6
3.Bf1b5 Qd8f6
4.Nb1c3 Ng8e7
5.O-O a6
6.Bb5a4 b5
7.Ba4b3 Nc6a5
8.Nc3d5 Ne7xd5
9.Bb3xd5 c6
10.Bd5b3 Na5xb3
11.axb3 h6
12.d4 exd4
13.Nf3xd4 Bf8c5
14.Nd4f3 d6
15.e5 dxe5
16.Rf1e1 Bc5d6
17.Bc1f4 Qf6xf4
18.Qd1xd6 Bc8d7
19.Re1xe5 Bd7e6
20.Qd6xc6 Ke7
21.Ra1d1 Rh8d8
22.Qc6c7 Ke8
23.Rd1e1 Ra8c8
24.Re5xe6 fxe6
25.Qc7xf4 Ke7
26.Qf4e5 Kf8
27.Qe5xe6 Rc8a8
28.Nf3e5 Ra8a7
29.Ne5g6 
1-0